000 00628nam a2200229Ia 4500
003 OSt
005 20230602111214.0
008 210423s2015 xx 000 0 und d
020 _a978-93-82156-84-0
040 _cAL
041 _aeng
082 _a361.76 SHAR
100 _aSHARMA (Dayanand)
_9118723
245 _aRole of NGOs in socio economic development
260 _aNew Delhi
_bSrishti Book Distributors
_c2015
300 _av,1208
_bHB
365 _b980
_cINR
650 _aPrivate Action
_9118724
650 _aSocial Work
_9118725
906 _adevelopment ; economic ; NGOs ; Role ; socio
942 _2ddc
_cBK
999 _c176480
_d176480